1541 1133 1717 1423 1310 1486 1502 1181 1073 1577 1520 1536 1845 1079 1709 1509 1780 1750 1263 1304 1025 1866 1827 1023 1788 1027 1976 1673 1294 1164 1981 1252 1316 1257 1173 1152 1352 1726 1066 1078 1349 1161 1670 1145 1586 1967 1983 1327 1219 1878 1144 1592 1048 1675 1067 1970 1860 1742 1965 1494 1195 1117 1678 1476 1028 1290 1384 1670 1199 1548 1098 1683 1648 1489 1311 1163 1443 1685 1725 1018 1515 1926 1190 1331 1941 1657 1395 1997 1765 1655 1468 1582 1099 1032 1428 1577 1360 1841 1098 BCNSPRNW ULIB Ver.6.0+V

เปลี่ยนเป็นภาษาไทย

Change to English
 แสดงรายละเอียดบรรณานุกรม
  กลับหน้าหลัก

Brief Record : Get Marc (ISO 2709) : E-mail record : QR code < ปิดหน้าต่าง
LEADER : 00000nam 2200000uu 4500
001    13399125442
003     ULIB
008    170601s2559||||th 000 0 tha d
020    ^a9786167829661
060 04 ^aWC515^bช576Q
100 0  ^aชิษณุ พันธุิ
245 00 ^aQ&A ไขปัญหา ^d^"ไข้หวัดใหญ่...ภัยร้ายที่ป้องกันได้^"/^cชิษณุ พันธุิ
250    ^aพิมพ์ครั้งที่ 1
260    ^aกรุงเทพฯ : ^bโครงการจุฬาคิดส์คลับ ฝ่ายกุมารเวชศาสตร์ โรงพยาบาลจุฬาลงกรณ์ สภากาชาดไทย,^c2559.
300    ^a71 หน้า :^c16 ซม.
650  7 ^aไข้หวัดใหญ่^xการป้องกันและควบคุม^xไขปัญหา
650  7 ^aวัคซีนไข้หวัดใหญ่
945    ^p120^l0^i24946
945    ^p120^l0^i24947
999    ^aกัณชพร
รายการนี้ยังไม่มีแท็ก
คุณยังไม่ได้ล็อกอิน คุณสามารถมีกิจกรรมร่วมกับเว็บไซต์ได้ แต่ต้องล็อกอินก่อน ::
  ล็อกอิน

รายการสื่อสารสนเทศ

ลำดับที่ ประเภท เลขเรียก/บาร์โค้ด สถานที่ สถานะ
1. หนังสือสำรอง
หนังสือสำรอง
WC515 ช576Q ฉ.1 
  Barcode: 24946
ห้องสมุดวิทยาเขตนครสวรรค์
►หนังสือทั่วไป:l:General Books
บนชั้น
2. วิทยาศาสตร์การแพทย์ และสุขภาพ
วิทยาศาสตร์การแพทย์ และสุขภาพ
WC515 ช576Q ฉ.2 
  Barcode: 24947
ห้องสมุดวิทยาเขตนครสวรรค์
►หนังสือทั่วไป:l:General Books
บนชั้น

รายการใกล้เคียง
    ผู้แต่ง [ชิษณุ พันธุิ]

    หัวเรื่อง [วัคซีนไข้หวัดใหญ่]

BibComment


ยังไม่เคยถูกคอมเมนท์

คอมเมนท์ทรัพยากรรายการนี้
  คอมเมนท์: QA ไขปัญหา ไข้ห..


 Copyright 2026. Bcnsprnw @Library